00368nam a2200145Ia 4500008004100000020001500041041001200056082001100068100001400079245006800093260002500161300000800186650001500194700001300209221030s9999 xx 000 0 und d a8120329737 aEnglish a105.23 aS. Sharma 0aAdvertising - Planning & Implementationcby S. Sharma, R. Singh bPHIaNew Delhic2010 a478 aManagement aR. Singh